000 00652nam a2200193 4500
008 201207b ||||| |||| 00| 0 eng d
040 _bger
_cDE-2950
_erda
_aDE-2950
041 _ager
245 _aDer Barnim - Anmerkungen zur Geschichte einer historischen Landschaft /
_cLucas Lebrenz
264 _c2024
490 _aDie Mark Brandenburg
_vHeft 133: Der Barnim
653 _aBrandenburg <Land>
653 _aBarnim
773 _dBerlin: Die Mark Brandenburg - Verlag für Regional- und Zeitgeschichte
_g(2023) Heft 133, S. 2-7: Abb.
_tDie Mark Brandenburg
942 _cA
999 _c373382
_d373382